000 00251nam a2200109Ia 4500
008 151213s9999 xx 000 0 und d
245 _aAssessing Aid
260 _aNew Yeork
_bWorld Bank
_c1998
300 _a2036 p.
650 _aReference
999 _c1493
_d1493